000 00714nam a2200265Ia 4500
005 20260121171523.0
008 008 260114s9999 xx 000 0 eng d
020 _a9783030321505
037 _aEBOOK
040 _aCRL
040 _beng
040 _cCRL
041 _2eng
041 _aeng
084 _qCRL
100 _aD. Jude Hemanth, V. D. Ambeth Kumar, S. Malathi, Oscar Castillo, Bogdan Patrut
_91077227
245 0 _aEmerging Trends in Computing and Expert Technology
260 _bSpringer
260 _bSpringer
260 _c2020
856 _uhttps://link.springer.com/openurl?genre=book&isbn=978-3-030-32150-5
942 _cEBOOK
999 _c1642957
_d1642957